| 000 | 00404nam a2200157Ia 4500 | ||
|---|---|---|---|
| 008 | 230524s9999 xx 000 0 und d | ||
| 082 |
_a510.231 _bGEH |
||
| 100 | _aKai Lai Chung | ||
| 245 | 0 | _aElementary Probability Theory with Stochastic Process | |
| 250 | _a3RD | ||
| 260 |
_aNEW DELHI _bNarosa _c1998 |
||
| 300 | _aXVI;325 | ||
| 500 | _aQuantity Number: 2 | ||
| 650 | _aMathematics | ||
| 942 | _cBK | ||
| 999 |
_c10245 _d10245 |
||